|
|
|
|
| LEADER |
00000cam a2200000 7i4500 |
| 001 |
0000000924 |
| 005 |
20001115.0 |
| 020 |
0 |
0 |
|a 818247343
|
| 090 |
0 |
0 |
|a 633.58095496
|b KAR 1998
|
| 100 |
1 |
0 |
|a KARKI
|h Madhav B.
|
| 245 |
1 |
0 |
|a Extensive bamboo production-to-consumption systems in Eastern Nepal :
|b a case study
|c Madhav B. Karki, Gopal R. Sherchan, Jay Bahadur S. Karki
|
| 260 |
0 |
0 |
|a Beijing, China; Nepal :
|b International Network for Bamboo and Rattan; Forest Research and Survey Centre; Tribhuvan University, Institute of Forestry ,
|c 1998
|
| 300 |
|
|
|a 41 p. ;
|c 28cm.
|
| 440 |
0 |
0 |
|a INBAR working paper; n. 17
|
| 500 |
0 |
0 |
|a Bibliography: [p. 38]
|
| 650 |
0 |
0 |
|a Bamboo
|z Nepal
|
| 700 |
0 |
1 |
|a Karki
|h Jay Bahadur S.
|
| 700 |
0 |
1 |
|a Sherchan
|h Gopal R.
|
| 710 |
1 |
1 |
|a International Network for Bamboo and Rattan (INBAR)
|
| 999 |
|
|
|a 0000002283
|b Monograph
|c Open Shelf
|e Default branch
|